100 aniversario de su nacimiento : (Registro nro. 58913)
[ vista simple ]
| 000 -CABECERA | |
|---|---|
| campo de control de longitud fija | 01470nab a2200253 a 4500 |
| 003 - IDENTIFICADOR DEL NÚMERO DE CONTROL | |
| campo de control | DO-SdBNP |
| 005 - FECHA Y HORA DE LA ÚLTIMA TRANSACCIÓN | |
| campo de control | 20250502093428.0 |
| 007 - CAMPO FIJO DE DESCRIPCIÓN FÍSICA--INFORMACIÓN GENERAL | |
| campo de control de longitud fija | ta |
| 008 - DATOS DE LONGITUD FIJA--INFORMACIÓN GENERAL | |
| campo de control de longitud fija | 250502e2019 dr |||p|r||||||0| z spa d |
| 040 ## - FUENTE DE LA CATALOGACIÓN | |
| Centro catalogador/agencia de origen | DO-SdBNP |
| Lengua de catalogación | spa |
| Centro/agencia transcriptor | BNPHU |
| Normas de descripción | rda |
| 041 ## - CÓDIGO DE LENGUA | |
| Código de lengua original | spa |
| 100 ## - ENTRADA PRINCIPAL--NOMBRE DE PERSONA | |
| Nombre de persona | López Reyes, Oscar, |
| Fechas asociadas al nombre | 1952- |
| 9 (RLIN) | 11261 |
| 245 ## - MENCIÓN DE TÍTULO | |
| Título | 100 aniversario de su nacimiento : |
| Resto del título | Casandra Damirón: amorosa, consejera y dominicanista / |
| Mención de responsabilidad, etc. | Oscar López Reyes. |
| 264 ## - PRODUCCIÓN, PUBLICACIÓN, DISTRIBUCIÓN, FABRICACIÓN Y COPYRIGHT | |
| Producción, publicación, distribución, fabricación y copyright | Barahona Provincia, República Dominicana : |
| Nombre del de productor, editor, distribuidor, fabricante | [editor no identificado], |
| Fecha de producción, publicación, distribución, fabricación o copyright | 2019. |
| 300 ## - DESCRIPCIÓN FÍSICA | |
| Extensión | páginas 2-6. |
| 336 ## - TIPO DE CONTENIDO | |
| Término de tipo de contenido | texto |
| Código de tipo de contenido | txt |
| Fuente | rdacontent |
| 337 ## - TIPO DE MEDIO | |
| Nombre/término del tipo de medio | sin mediación |
| Código del tipo de medio | n |
| Fuente | rdamedia |
| 338 ## - TIPO DE SOPORTE | |
| Nombre/término del tipo de soporte | volumen |
| Código del tipo de soporte | nc |
| Fuente | rdacarrier |
| 362 ## - FECHAS DE PUBLICACIÓN Y/O DESIGNACIÓN SECUENCIAL | |
| Fecha de publicación y/o designación secuencial | Año 2, Núm 4, enero-abril 2019. |
| 520 ## - SUMARIO, ETC. | |
| Sumario, etc. | Hablar de Casandra Damirón, nacida en Barahona el 12 de marzo de 1919, es igual que mencionar los flamboyanes de Batey Central y sus frutos, la cadencia de las aguas del río Birán, la sal mineral y el yeso, la espléndida hoja de nuestras matas de plátanos, la caña verdinegra y los movimientos del molino en la zafra azucarera del ingenio, el viejo templo católico, la ladera de la loma del Curro, las frondosas y elevadas montañas del Bahoruco, el proceloso mar Caribe y la costa que nos circunda... |
| 600 #0 - PUNTO DE ACCESO ADICIONAL DE MATERIA--NOMBRE DE PERSONA | |
| Nombre de persona | Damirón, Casandra, |
| Fechas asociadas al nombre | 1919-1983 |
| 9 (RLIN) | 34233 |
| Subdivisión de forma | Publicaciones periódicas |
| Subdivisión general | Aniversario |
| Subdivisión geográfica | República Dominicana |
| 773 0# - ENLACE AL DOCUMENTO FUENTE/ENTRADA DE REGISTRO ANFITRIÓN | |
| Número bibliográfico anfitrión | 58884 |
| Número de ítem anfitrión | 323572 |
| Encabezamiento principal | Gómez, Wilson |
| Otro identificador del documento | 2025-3889 |
| Título | Aquí Barahona : |
| Número de control del registro | 524579 |
| 942 ## - ELEMENTOS DE PUNTO DE ACCESO ADICIONAL (KOHA) | |
| Fuente del sistema de clasificación o colocación | Dewey Decimal Classification |
| Tipo de ítem Koha | Publicación periódica |
No hay ítems disponibles.
